000 00607nam a22002052 4500
001 0000007089
005 20151217152022.0
008 071112s xx 000 0 eng d
020 _a1594520348 :
_cKES 190
040 _aKABU
_cKABU
100 1 _aEvans, Tony.
_@0000158133
245 1 0 _aTony Evans speaks out on a woman's role in the home /
_cTony Evans.
260 _aChicago :
_bMoody Publishers,
_c2002.
300 _a57 p.
650 0 _aMothers (family)
_@0000158136
650 0 _aWomen (family)
_@0000158137
908 _a071112
950 _@1
999 _c7387
_d7387